Online Catalogue and eLibrary

Sannadha gatumlamun kerehi balapanp andama (Record no. 1535)

MARC details
000 -LEADER
fixed length control field 00390nam a2200145Ia 4500
005 - DATE AND TIME OF LATEST TRANSACTION
control field 20250606030742.0
008 - FIXED-LENGTH DATA ELEMENTS--GENERAL INFORMATION
fixed length control field 240331s9999 xx 000 0 und d
082 ## - DDC Classification
Item Number - Author Mark MAR
Class No. 305
100 ## - MAIN ENTRY--PERSONAL NAME
Personal name Marshel,G
245 #0 - TITLE STATEMENT
Title Sannadha gatumlamun kerehi balapanp andama
260 ## - PUBLICATION, DISTRIBUTION, ETC.
Name of publisher, distributor, etc. unicef publication
Date of publication, distribution, etc. 1996
300 ## - PHYSICAL DESCRIPTION
Extent (e.g. Volumes, Pages etc.) 65 p .,
500 ## - GENERAL NOTE
General note A book of How armed conflict affects children
942 ## - Koha item type (Biblio)
Koha item type Books in Stacks (Lending)
Holdings
Lost status Damaged status Collection code Home library Current library Shelving location Date acquired Full call number Accession Number Item type
    Lending WERC Library WERC Library Social Science Cupboard 03/31/2024 305.23 MAR 2754 Books in Stacks (Lending)

© WERC Library